| 000 | 01224nam a2200229Ii 4500 | ||
|---|---|---|---|
| 003 | JO-AjNU | ||
| 005 | 20240630112143.0 | ||
| 008 | 230605s9999||||xx |||||||||||||| ||und|| | ||
| 040 |
_aJO-AjNU _bara _erda _cJO-AjNU |
||
| 041 | _aara | ||
| 050 | 1 | 4 | _aQA11.2016 |
| 100 | 3 |
_aاعداد بروق، عماد عواد سليمان؛ اشراف مامون محمد احمد مبارك, _eauthor _957609 |
|
| 245 | 0 | 0 | _aصعوبات استخدام الاهداف الوجدانية في تدريس الرياضيات لطلبة المرحلة الاساسية العليا من وجهة نظر المعلمين |
| 264 | 3 | 1 | _aالجامعة الهاشمية: كلية الدراسات العليا، 2016 |
| 300 | _a70 ورقة | ||
| 336 |
_atext _btxt _2rdacontent |
||
| 337 |
_aunmediated _bn _2rdamedia |
||
| 338 |
_avolume _bnc _2rdacarrier |
||
| 500 | _aرسالة جامعية( ماجستير في مناهج الرياضيات واساليب التدريس)--الجامعة الهاشمية، كلية اكلية الدراسات العليا(الزرقاء)، 20167، يشتمل على استبيانات توضيحية | ||
| 650 | 4 |
_aالرياضيات - مناهج واساليب تدريس _957610 |
|
| 942 |
_2lcc _cTHS |
||
| 999 |
_c29395 _d29395 |
||